000 00261nam a2200109Ia 4500
008 190216s9999||||xx |||||||||||||| ||und||
100 _aSathikumaran Nair
245 0 _aArabikadalile Pavizha Deepukal
260 _bNull
650 _aEssay Malayalam
942 _cBK
999 _c25178
_d25178